| 000 | 00994nam a2200301Ia 4500 | ||
|---|---|---|---|
| 001 | 22361 | ||
| 003 | IT-RoPAU | ||
| 008 | 130308s9999 xx 000 0 und d | ||
| 040 | _aIT-RoPAU | ||
| 040 | _cIT-RoPAU | ||
| 041 | _aITALIANO | ||
| 100 | _aGolovnia Anatoly | ||
| 100 | _gCodice Aut. SPICS: 11654 | ||
| 245 | _aLuce nell'arte dell'operatore (La) | ||
| 245 | _bLuce nell'Arte dell'operatore (La) | ||
| 250 | _a1a ed. | ||
| 260 | _aROMA | ||
| 260 | _bBianco E Nero | ||
| 260 | _c1951 [1° Ed.:1951 - Ed.Ling.Originale:] | ||
| 300 | _a"340 p. (prefazione: no ; testo: 340)" | ||
| 500 | _aEvoluzione dell'Immagine in bianco e Nero Illuminazione del Primo piano Illuminazione della scenografia Illuminazione dell'inquadratura Prospettiva Metodi di Illuminazione controluce Illuminazione a Macchie Effetto plastico masse Luminose | ||
| 650 | _aREGIA CINEMATOGRAFICA | ||
| 650 | _eCodice materia Spics: 6803 | ||
| 942 | _cBK | ||
| 957 | _71 | ||
| 999 |
_c70941 _d70941 |
||
| 999 | _bSI | ||
| 999 | _g1 | ||